000
00335nam a22001457a 4500
008
210311b ||||| |||| 00| 0 eng d
020
_a
9780205294930
041
_a
eng
080
_a
311
082
_a
311
100
_a
55
101
_a
STA
245
_a
Statistical Analysis for the Social Sciences
_c
Abrami,C.PH
942
_2
udc
_c
BK
999
_c
56394
_d
56394